[Event "IBCA Wch blind 14th"]
[Site "Cagliari"]
[Date "2019.04.07"]
[Round "2"]
[White "Deville, Olivier"]
[Black "Zenini, Simone"]
[Result "1-0"]
[WhiteElo "1858"]
[BlackElo "1435"]
[PlyCount "47"]
[EventDate "2019.04.06"]
[EventType "swiss"]
[EventRounds "9"]
[EventCountry "ITA"]
[SourceTitle "CBM 189 Extra"]
[Source "ChessBase"]
[SourceDate "2019.06.03"]
[SourceVersion "1"]
[SourceVersionDate "2019.06.03"]
[SourceQuality "1"]

1. d4 Nf6 2. c4 g6 3. Nc3 Bg7 4. e4 d6 5. Be2 0-0 6. Bg5 e5 7. dxe5 dxe5 8. Qxd8 Rxd8 9. Nd5 Nbd7 10. Rd1 Rf8 11. Nxc7 Rb8 12. f3 h6 13. Be3 b6 14. Bd3 Ne8 15. Nxe8 Rxe8 16. Ne2 Kh8 17. 0-0 Nf8 18. Nc3 f5 19. Bb1 fxe4 20. Bxe4 Bf5 21. Rd6 Bxe4 22. fxe4 Rbc8 23. b3 Re6 24. Rxf8+ 1-0

[Event "ITA-ch blind 46th"]
[Site "Grisolia Lido"]
[Date "2018.09.03"]
[Round "1.3"]
[White "Gasperoni, Claudio"]
[Black "Zenini, Simone"]
[Result "1-0"]
[WhiteElo "1761"]
[BlackElo "1427"]
[PlyCount "87"]
[EventDate "2018.09.03"]
[EventType "swiss"]
[EventRounds "6"]
[EventCountry "ITA"]
[SourceTitle "EXT 2024"]
[Source "ChessBase"]
[SourceDate "2023.10.10"]
[SourceVersion "1"]
[SourceVersionDate "2023.10.10"]
[SourceQuality "1"]

1. d4 Nf6 2. Nf3 g6 3. c4 Bg7 4. Nc3 0-0 5. e4 d6 6. Be2 Nbd7 7. h3 e5 8. dxe5 Nxe5 9. Nxe5 dxe5 10. Be3 Qxd1+ 11. Rxd1 Be6 12. f3 a6 13. Kf2 Rad8 14. Nd5 Bxd5 15. cxd5 Ne8 16. Rc1 f5 17. Bg5 Rd7 18. exf5 Rxf5 19. Be3 Kh8 20. Bd3 Rff7 21. Be4 Nd6 22. Ke2 Nxe4 23. fxe4 Rf6 24. Rhf1 Rxf1 25. Rxf1 Kg8 26. g4 Rf7 27. Ba7 Rxf1 28. Kxf1 Bf8 29. Be3 Kf7 30. Ke2 Bd6 31. Kd3 Ke7 32. a4 Kd7 33. Kc4 c6 34. a5 Bc7 35. b4 Kd6 36. Bc5+ Kd7 37. Bf8 Bd8 38. Kc5 Bf6 39. dxc6+ bxc6 40. Kb6 Bd8+ 41. Kxa6 Kc8 42. Bd6 Bc7 43. Bxc7 Kxc7 44. Ka7 1-0